Guide to skill enhancement course academic writng (Record no. 1679725)

MARC details
000 -LEADER
fixed length control field 00669nam a22002297a 4500
005 - DATE AND TIME OF LATEST TRANSACTION
control field 20260216103349.0
008 - FIXED-LENGTH DATA ELEMENTS--GENERAL INFORMATION
fixed length control field 260216b |||||||| |||| 00| 0 eng d
020 ## - INTERNATIONAL STANDARD BOOK NUMBER
International Standard Book Number 9789348242839
037 ## - SOURCE OF ACQUISITION
Terms of availability TB
040 ## - CATALOGING SOURCE
Original cataloging agency CRL
Transcribing agency CRL
041 ## - LANGUAGE CODE
Source of code eng
Language code of text/sound track or separate title eng
084 ## - COLON CLASSIFICATION NUMBER
Classification number P111:75
Assigning agency CRL
100 ## - MAIN ENTRY--PERSONAL NAME
Personal name Halder, Panchanan
9 (RLIN) 1115992
245 ## - TITLE STATEMENT
Title Guide to skill enhancement course academic writng
260 ## - PUBLICATION, DISTRIBUTION, ETC.
Place of publication, distribution, etc. West Bengal, India
Name of publisher, distributor, etc. Avenel Press
Date of publication, distribution, etc. 2025.
300 ## - PHYSICAL DESCRIPTION
Extent 148p.
365 ## - TRADE PRICE
Price amount 275
Currency code INR
650 ## - SUBJECT ADDED ENTRY--TOPICAL TERM
Topical term or geographic name entry element English language
9 (RLIN) 1115993
650 ## - SUBJECT ADDED ENTRY--TOPICAL TERM
Topical term or geographic name entry element Linguistics
9 (RLIN) 1115994
942 ## - ADDED ENTRY ELEMENTS (KOHA)
Source of classification or shelving scheme Colon Classification (CC)
Koha item type Textbook
Classification part P111:75
Suppress in OPAC No

No items available.

Copyright @ Delhi University Library System